Loading...
| Fine Arts - Other Fine Arts | 0 | 5 | 1 | 1 | 45 | 29 | 99.80 | 0 | 2 |
| Literature - American Literature | 0 | 2 | 0 | 0 | 20 | 60 | 81.50 | 0 | 1 |
| Painting & Sculpture | 0 | 2 | 0 | 0 | 20 | 77 | 105.00 | 0 | 1 |
| Literature - European Literature | 0 | 2 | 0 | 1 | 20 | 114 | 127.50 | 0 | 0 |
| Social Science | 0 | 2 | 1 | 1 | 15 | 99 | 116.50 | 0 | 0 |
| Philosophy | 0 | 2 | 1 | 0 | 15 | 105 | 119.00 | 0 | 0 |
| Geography | 0 | 1 | 0 | 1 | 10 | 145 | 145.00 | 0 | 0 |
| Fine Arts - Classical Music | 0 | 2 | 2 | 0 | 10 | 114 | 116.00 | 0 | 0 |
| Literature - World Literature | 0 | 1 | 0 | 1 | 10 | 148 | 148.00 | 0 | 0 |
| Mythology | 0 | 1 | 0 | 0 | 10 | 139 | 139.00 | 0 | 0 |
| Current Events | 0 | 1 | 0 | 1 | 10 | 135 | 135.00 | 0 | 0 |
| Any History | 0 | 1 | 0 | 0 | 10 | 134 | 134.00 | 0 | 0 |
| Literature - British Literature | 0 | 1 | 0 | 0 | 10 | 137 | 137.00 | 0 | 0 |
| Science - Chemistry | 0 | 0 | 0 | 0 | 0 | 0.00 | 0 | 0 |